| 000 | 00497nam a2200193Ia 4500 | ||
|---|---|---|---|
| 003 | GCL | ||
| 008 | 140319s9999 xx 000 0 eng d | ||
| 040 |
_aGCL / _cGCL |
||
| 082 | 0 | 4 |
_a708.2 _bG G |
| 100 | 1 | _aGORDON, DILLIAN | |
| 245 | 1 | 0 |
_a100 GREAT PAINTINGS: DUCCIO TO PICASSO / _cGORDON, DILLIAN |
| 260 |
_a[S.N] : _bTHE NATIONAL GALLERY ، _c1989 |
||
| 300 | _a222 | ||
| 650 | 0 | 4 | _aLONDON |
| 650 | 0 | 4 | _aGALLERIES |
| 650 | 0 | 4 | _aPAINTINGS |
| 650 | 0 | 4 | _aNATIONAL GALLERIES |
| 942 |
_2ddc _cBK |
||
| 999 |
_c23942 _d23942 |
||